000 01002nam a2200325Ia 4500
001 dia_6533
003 CHAP
005 20230316100606.0
008 220117s1955 xx 000 0 und d
010 _a177605
020 _a978-970-07-6618-7
040 _cCHAP
082 _a604.2 C35 1955
100 _aCalderón Barquín, Francisco José
_9161656
245 _aCurso de dibujo técnico industrial /
_c Francisco José Calderón Barquín
250 _a51a ed.
260 _aMéxico :
_b Porrúa,
_c1955
300 _a2 t.
500 _aLa biblioteca tiene el t.1
503 _aC.
505 _at.Problemas geométricos, proyecciones e isométrico -- t.2. Elementos de máquinas
590 _aT353 C35 1955
650 _aDibujo técnico
_9159128
650 _aDiseño de máquinas
_9161657
650 _aMechanical drawing
_9159129
901 _a604.2 C35 1955
902 _aA
905 _a5232271955 mx aimn8222223322spa16
942 _cLIBRO
_2ddc
999 _c177605
_d177605